000 00586nam a22002177a 4500
003 SISC
005 20160303090829.0
008 130723t xxu||||| |||| 00| 0 eng d
020 _a185326105x
050 _aPZ 7
_b.H145 1993
082 _aCLA
_bH12k 1993
100 _aHaggard, H. Rider
245 _aKing Solomon's mines /
_cH. Rider Haggard.
260 _aHertfordshire :
_bWordsworth edition Ltd,
_cc1993.
300 _a256 p. ;
_c18 cm.
562 _e1
650 _aChildren's literature
_xFiction
_93352
700 _aHaggard, H. Rider
942 _2lcc
_cBK
999 _c7535
_d7535